El jardín del amado
I tiakina i:
| Kaituhi matua: | |
|---|---|
| Hōputu: | Pukapuka |
| Reo: | Pāniora |
| I whakaputaina: |
Barcelona
Urano
1989
|
| Ngā marau: | |
| Ngā Tūtohu: |
Tāpirihia he Tūtohu
Kāore He Tūtohu, Me noho koe te mea tuatahi ki te tūtohu i tēnei pūkete!
|
MARC
| LEADER | 00000nam a2200000 a 4500 | ||
|---|---|---|---|
| 001 | UCW4410 | ||
| 003 | CL-VaPUC | ||
| 008 | 900329e19890000SP |||||||||||||||||spa|d | ||
| 082 | 0 | 4 | |a 823 |b WAY |2 21 |
| 100 | 0 | |a Way, Robert E |e author |9 309177 | |
| 245 | 1 | 3 | |a El jardín del amado |
| 300 | |a 95 p | ||
| 942 | |c BK | ||
| 945 | |d 19900329 00:00:00 | ||
| 260 | |a Barcelona |b Urano |c 1989 | ||
| 650 | 0 | |a Novelas inglesas |9 265220 | |
| 583 | |a last modification |c 19900329 00:00:00 |k Rodrigo Vera | ||
| 999 | |c 218161 |d 218159 | ||
| 952 | |0 0 |1 0 |4 0 |6 823_000000000000000_WAY_1989 |7 0 |8 A |9 207206 |a BIBEDU |b BIBEDU |d 2019-11-15 |i 2749831 |o 823 WAY 1989 |p 2749831 |r 2019-11-15 |w 2019-11-15 |y BK |k EDU | ||